Normal view
MARC view
Entry Geographic Name
001 - CONTROL NUMBER
- control field: 6785
003 - CONTROL NUMBER IDENTIFIER
- control field: BD-RjUL
005 - DATE AND TIME OF LATEST TRANSACTION
- control field: 20230131134442.0
008 - FIXED-LENGTH DATA ELEMENTS
- fixed length control field: 230131|| aca||aabn | a|a d
040 ## - CATALOGING SOURCE
- Original cataloging agency: BD-RjUL
- Transcribing agency: BD-RjUL
151 ## - HEADING--GEOGRAPHIC NAME
- Geographic name: Bangladesh
- Geographic subdivision: Jessore District
- General subdivision: History
- Chronological subdivision: 1859-1862 A. D
670 ## - SOURCE DATA FOUND
- Source citation: Work cat.: (BD-RjUL)80194: করিম, মো. রেজাউল 4356, যশোর জেলায় নীল আন্দোলন, ১৮৫৯-৬২ :, ২০০১